| 000 | 00766nam a22001337a 4500 | ||
|---|---|---|---|
| 040 | _cRUA | ||
| 082 | _aATM TAN 2009 B196 Or.1 | ||
| 100 | _aTAN, SAORA. | ||
| 245 | _aWoman participation in pesticide use and management in chrey commune svay antor district prey veng province, ការចូលរួមរបស់ស្រីក្នុងការប្រើប្រាស់និងការគ្រប់គ្រងថ្នាំពុលកសិកម្ម នៅឃុំជ្រៃ ឃុំស្វាយអន្ទរ ខេត្តព្រៃវែង | ||
| 260 |
_aPhnom Penh _bRUA _c2009 |
||
| 300 |
_axii; 54p. _bill. _c29cm. |
||
| 856 | _uhttps://drive.google.com/file/d/1K7EZLnAWD64OanhJqHD926UNL-oEL73p/view?usp=sharing | ||
| 942 | _cATM | ||
| 999 |
_c4288 _d4288 |
||